000 01034nam0a22002771 4500
001 rc\141833
005 20030307112422.4
010 _a5-283-04028-3
_9500
035 _a(NLR Aleph) 005413124
090 _a7395114
_c7395114
100 _a20030307d1994 u |0rusy50 ca
101 0 _arus
102 _aRU
105 _aa |||||||||
200 1 _aВнутрирезонаторная лазерная диагностика плазмы
_fГ.Л. Климчицкая, И.Н. Полушкин, Э.А. Свириденков
210 _aМ.
_cЭнергоатомиздат
_d1994
215 _a320, [1] с.
_cил.
_d21
320 _aБиблиогр.: с. 311-319 (214 назв.)
700 1 _aКлимчицкая
_bГ. Л.
_gГалина Леонидовна
701 1 _aПолушкин
_bИ. Н.
_gИгорь Николаевич
701 1 _aСвириденков
_bЭ. А.
_gЭдуард Алексеевич
801 0 _aRU
_bNLR
_gpsbo
801 1 _aRU
_bELAR
_2rusmarc
852 _aNLR
_j94-3/6903
942 _cBOOK
980 _aNB